000 00411nam a2200169Ia 4500
005 20250521091032.0
008 231217s9999 xx 000 0 und d
020 _a9778129706140
082 _a001.642 NUT;15
100 _aNutt, Gary.
245 0 _aOperating systems
250 _a3rd ed.
260 _c2004
_bPearson Education
_aNew Delhi
300 _axxxiii, 894
650 _aOperating
942 _cAA
999 _c192728
_d192728